Socio-Economic Development in Africa: Crucial Challenges
Aktuálny demografický vývoj v Afrike. Dôsledky demografických zmien na kontinent, problémy urbanizácie a účinky migrácie na dynamiku obyvateľstva. Rýchly rozvoj miest a rýchlejšia emigrácia z vidieckych oblastí ako jedna z najdôležitejších tém rozvoja. Zmeny vo vekovej štruktúre a vstup do novej úro...
Salvato in:
| Autore principale: | |
|---|---|
| Natura: | Capitolo di libro |
| Lingua: | inglese |
| Soggetti: | |
| Tags: |
Nessun Tag, puoi essere il primo ad aggiungerne!!
|
MARC
| LEADER | 00000naa a2200000 4500 | ||
|---|---|---|---|
| 001 | 0262830 | ||
| 005 | 20240502074157.3 | ||
| 041 | 0 | |a eng | |
| 044 | |a SK | ||
| 245 | 1 | 0 | |a Socio-Economic Development in Africa: Crucial Challenges |c Mykhaylo Kunychka |
| 520 | |a Aktuálny demografický vývoj v Afrike. Dôsledky demografických zmien na kontinent, problémy urbanizácie a účinky migrácie na dynamiku obyvateľstva. Rýchly rozvoj miest a rýchlejšia emigrácia z vidieckych oblastí ako jedna z najdôležitejších tém rozvoja. Zmeny vo vekovej štruktúre a vstup do novej úrovne demografického prechodu naznačujú nárast pracovných síl a príjmu obyvateľstva. | ||
| 610 | 2 | 0 | |a rozvoj sociálno-ekonomický |
| 610 | 2 | 0 | |a Afrika |
| 610 | 2 | 0 | |a starnutie populácie |
| 610 | 2 | 0 | |a pôrodnosť |
| 610 | 2 | 0 | |a migrácia |
| 610 | 2 | 0 | |a urbanizácia |
| 610 | 2 | 0 | |a zmeny klimatické |
| 100 | 1 | |a Kunychka, Mykhaylo, 1990- | |